| 000 | 00706nam a2200193 i 4500 | ||
|---|---|---|---|
| 001 | 189778 | ||
| 003 | ES-MaACL | ||
| 005 | 20230906223543.0 | ||
| 008 | 191125s1976 sp |||| | spa d | ||
| 245 | 0 | 0 |
_aEstudios sociológicos sobre la situación social de España 1975 / _c[Ignacio Bultó Martínez et al.] ; Fundación Foessa. |
| 260 |
_aMadrid : _bEuramérica, _c1976. |
||
| 300 |
_aXXXII, 1408 p. ; _c27 cm + _e3 h. sueltas de map. pleg. |
||
| 490 | 1 |
_aColección Foessa ; _v7 |
|
| 651 |
_aEspaña- _xSituación social- _y1975-1982. _98507 |
||
| 700 | 1 |
_aBultó Martinez, Ignacio. _9168863 |
|
| 830 | 0 |
_aColección Foessa ; _v7 _9187658 |
|
| 852 |
_aES-MaACL _jP-1086-7 |
||
| 999 |
_c189778 _d189778 |
||